LEADER 01055cam0-22003131i-450- 001 990000446960403321 005 20121205092524.0 035 $a000044696 035 $aFED01000044696 035 $a(Aleph)000044696FED01 035 $a000044696 100 $a20121205d1961----km-y0itay50------ba 101 0 $aita 102 $aIT 105 $ay-------001yy 200 1 $a<>problemi del rinnovamento degli ospedali a padiglioni ed il caso dell'Ospedale Civico di Palermo 210 $aPalermo$cTip. G. Zangara e F.$d1961 215 $a42 p.$cill.$d30 cm 225 1 $aQuaderni dell'Istituto di Architettura tecnica dell'Università di Palermo$v6 610 0 $aPalermo$aOspedale civico 676 $a725.5$v16$zita 700 1$aCaronia,$bGiuseppe$f$011754 801 0$aIT$bUNINA$gREICAT$2UNIMARC 901 $aBK 912 $a990000446960403321 952 $a08 CC 275$b2647$fDINED 959 $aDINED 996 $aProblemi del rinnovamento degli ospedali a padiglioni ed il caso dell'Ospedale Civico di Palermo$9333856 997 $aUNINA LEADER 01439nam2 2200325 450 001 000033479 005 20121025105200.0 100 $a20121010d1976----km-y0itaa50------ba 101 0 $aita$afre$aeng 102 $aIT 200 1 $aAtti IX Convegno Internazionale della ceramica$eAlbisola, 28-31 maggio, 1976$fCentro Ligure per la Storia della ceramica 210 $aAlbisola$cCentro Ligure per la Storia della ceramica$d[1976] 215 $a490 p., tav.$cill.$d24 cm. 461 1$1001000032908$12001$aAtti. Convegno Internazionale della ceramica 606 $aCeramiche$xStoria 676 $a666.4$v(22. ed.)$9Tecnologia ceramica e tecnologie affini. Materiali, processi, attrezzature della ceramica 710 12$aConvegno Internazionale della ceramica,$d9.$f<1976$e; Albisola>$0183649 712 02$aCentro Ligure per la Storia della ceramica 801 0$aIT$bUniversità della Basilicata - B.I.A.$gREICAT$2unimarc 912 $a000033479 996 $aAtti IX Convegno Internazionale della ceramica$996880 997 $aUNIBAS BAS $aLETTERE CAT $aSTD082$b01$c20121010$lBAS01$h1459 CAT $aSTD082$b01$c20121011$lBAS01$h1152 CAT $aSTD082$b01$c20121011$lBAS01$h1153 CAT $aMDL$b30$c20121024$lBAS01$h1020 CAT $aMDL$b00$c20121025$lBAS01$h1052 FMT Z30 -1$lBAS01$LBAS01$mBOOK$1BASA4$APolo di Matera$2DID$BDidattica$3MSR/L111302$6111302$5L111302$820121010$f04$FPrestabile Didattica